Eastern Utah Libraries Catalog: Duchesne, Heber, Roosevelt, & Vernal

Tenis / (Record no. 381497)

MARC details
000 -LEADER
fixed length control field 01522nam a2200265 4500
001 - CONTROL NUMBER
control field 2313731
003 - CONTROL NUMBER IDENTIFIER
control field IlCrPQL
005 - DATE AND TIME OF LATEST TRANSACTION
control field 20230223141444.0
008 - FIXED-LENGTH DATA ELEMENTS--GENERAL INFORMATION
fixed length control field 230220s2023 mnua 000 0 spa
020 ## - INTERNATIONAL STANDARD BOOK NUMBER
International Standard Book Number 1728477891
020 ## - INTERNATIONAL STANDARD BOOK NUMBER
International Standard Book Number 9781728477893
040 ## - CATALOGING SOURCE
Transcribing agency IlCrPQL
082 14 - DEWEY DECIMAL CLASSIFICATION NUMBER
Classification number 685
Edition number 23
100 1# - MAIN ENTRY--PERSONAL NAME
Personal name Hoena, Blake.
9 (RLIN) 5739093
245 10 - TITLE STATEMENT
Title Tenis /
Statement of responsibility, etc Blake Hoena ; illustrated by Ceej Rowland.
260 ## - PUBLICATION, DISTRIBUTION, ETC. (IMPRINT)
Place of publication, distribution, etc Minneapolis, MN :
Name of publisher, distributor, etc Graphic Universe,
Date of publication, distribution, etc 2023.
300 ## - PHYSICAL DESCRIPTION
Extent 32 p. :
Other physical details chiefly col. ill. ;
Dimensions 24 cm
520 ## - SUMMARY, ETC.
Summary, etc Los tenis surgieron como resultado de los esfuerzos por fabricar un calzado mas duradero y comodo, y se convirtieron en un importante vinculo entre el deporte y la moda. Su popularidad en aumento llevo a patrocinios de celebridades, marcas de nombres importantes y avances tecnologicos continuos.Sneakers came about because of efforts to make more durable, more comfortable shoes and became a major link between sports and fashion. Their sales rose with the popularity of tennis and exploded along with basketball, leading to celebrity endorsements, big-name brands, and continued technological breakthroughs. In the twenty-first century, sneakers are still evolving, along with "sneaker influencer" social media, smart tech, and other hot new trends. This title is now available in Spanish.
521 2# - TARGET AUDIENCE NOTE
Target audience note 3456.
546 8# - LANGUAGE NOTE
Language note In Spanish
650 #7 - SUBJECT ADDED ENTRY--TOPICAL TERM
Topical term or geographic name as entry element Sneakers.
Source of heading or term sears
650 #7 - SUBJECT ADDED ENTRY--TOPICAL TERM
Topical term or geographic name as entry element Spanish language materials.
Source of heading or term sears
700 1# - ADDED ENTRY--PERSONAL NAME
Personal name Rowland, Ceej,
Relator term ill.
9 (RLIN) 6462936
852 ## - LOCATION/CALL NUMBER
-- 21.99
Holdings
Withdrawn status Lost status Source of classification or shelving scheme Damaged status Not for loan Collection code Home library Current library Shelving location Date acquired Source of acquisition Total Checkouts Total Renewals Full call number Barcode Date last seen Date checked out Cost, replacement price Price effective from Koha item type
    Dewey Decimal Classification     Spanish Junior Graphic Novels Wasatch County Library Wasatch County Library First Floor 07/25/2023 Rainbow Books 1 1 J GN 685 Hoena 34301002046599 10/22/2025 01/02/2025 21.99 07/25/2023 BOOK
This project was made possible through a grant from the Institute of Museum and Library Service administered by the Utah State Library Division.

Wasatch County Library

  • 465 East 1200 South, Heber City, Utah 84032
  • Phone 435-654-1511 | Fax 435-654-6456

Hours

  • Monday - Friday 9:30 AM - 8:00 PM
  • Saturday 9:30 AM - 1:30 PM
  • Closed Sundays and Holidays